000 00659nam a2200241Ia 4500
003 OSt
005 20220918224528.0
006 a|||||r|||| 00| 0
007 ta
008 220917b |||||||| |||| 00| 0 eng d
024 _a229,810
037 _cTextual
040 _aARTS
_cARTS
_beng
041 _2eng
_aeng
082 _aV5931y7L41, P5
100 _aBeales Derek
_937363
245 0 _aEnlightenment and reform in eighteenth - century Europe
260 _aLondon
_bI.B. Tauris & Co. Ltd.
_c2005
300 _ax, 326p.
_ccm.
650 _aHISTORY
942 _hV5931y7L41, P5
_cTEXL
_2CC
999 _c281535
_d281535